| 000 | 01369nam a22002895a 4500 | ||
|---|---|---|---|
| 003 | OSt | ||
| 005 | 20170220115333.0 | ||
| 008 | 170220s2014 ua frb 000 0 ara d | ||
| 015 | _a2013 / 10352 | ||
| 020 | _a9789770473115 | ||
| 040 |
_aEG-ScBUE _bara _cEG-ScBUE |
||
| 082 | 0 | 4 |
_a382.92 _bط ا ئ _222 |
| 100 | 1 | _aطائي، هادي طلال هادي. | |
| 245 | 1 | 0 |
_aأحكام الاتفاقية المنشئة لمنظمة التجارة العالمية وأثرها في تطوير التجارة الدولية / _cهادي طلال هادي الطائي. |
| 260 |
_aالقاهرة : _bدار النهضة العربية، _c2014. |
||
| 300 |
_a512 ص. ؛ _c24 سم. |
||
| 504 | _aيشتمل على إرجاعات ببليوجرافية. | ||
| 610 | 2 | 7 |
_a منظمة التجارة العالمية (جنيف، سويسرا) _2BUEsh |
| 610 | 2 | 7 |
_aالاتفاقية العامة للتجارة والتعرفة الجمركية (منظمة) _2BUEsh |
| 650 | 7 |
_aالاتفاقيات الدولية. _2BUEsh _916817 |
|
| 650 | 7 |
_aالاتفاقية العامة للتجارة والتعرفة الجمركية _y1947. _2BUEsh |
|
| 650 | 7 |
_aالقانون الدولي التجاري. _2BUEsh _941050 |
|
| 650 | 7 |
_aالتجارة الخارجية _xقوانين وتشريعات. _2BUEsh |
|
| 651 | _2BUEsh | ||
| 653 |
_bLLAAWW _cFebruary2017 |
||
| 942 | _2ddc | ||
| 999 |
_c24204 _d24176 |
||